000 00854nam a2200337Ia 4500
003 OSt
005 20220912144543.0
006 a|||||r|||| 00| 0
007 ta
008 220909b |||||||| |||| 00| 0 eng d
020 _a8120308948 (pbk)
020 _aSL0859890
024 _a193276
037 _cTextual
040 _aCSL
_beng
_cCSL
041 _aeng
082 _aB75, N4
100 _aMohanty A.K
245 0 _aFluid mechanics
250 _a2
260 _aNew Delhi
_b Prentice-Hall
_c1994
300 _axii, 530p. ill.
500 _aAppendix 505-521p.; Index 525-530p.
650 _a Dimensional analysis
650 _a Hydraulic transients
650 _a Turbulent flow
650 _aFluid kinematics
700 _aMohanty A.K
942 _hB75, N4
_cTEXL
_2CC
999 _c11812
_d11812